Bibliotheca hispana nova sive hispanorum scriptorum qui ab anno \RMD\R ad \RMDCLXXXIV\R floruere notitia / (Record no. 151509)
[ view plain ]
| 000 -LEADER | |
|---|---|
| campo de control de longitud fija | 01305nam a2200289 i 4500 |
| 001 - NÚMERO DE CONTROL | |
| campo de control | 151509 |
| 003 - IDENTIFICADOR DE NÚMERO DE CONTROL | |
| campo de control | ES-MaACL |
| 005 - FECHA Y HORA DE LA ÚLTIMA TRANSACCIÓN | |
| campo de control | 20250627063647.0 |
| 008 - DATOS DE LONGITUD FIJA--INFORMACIÓN GENERAL | |
| campo de control de longitud fija | 931025s1788 sp a b |||| |dlat d |
| 100 1# - ENTRADA PRINCIPAL--NOMBRE DE PERSONA | |
| Nombre de persona | Antonio, Nicolás, |
| Fechas asociadas al nombre | 1617-1684 |
| 9 (RLIN) | 21980 |
| 245 10 - MENCIÓN DEL TÍTULO | |
| Título | Bibliotheca hispana nova sive hispanorum scriptorum qui ab anno \RMD\R ad \RMDCLXXXIV\R floruere notitia / |
| Mención de responsabilidad, etc. | auctore D. Nicolao Antonio ... ; tomus secundus. |
| 250 ## - MENCION DE EDICION | |
| Mención de edición | Nunc primum prodit recognita emendata aucta |
| Resto de la mención de edición | ab ipso auctore. |
| 260 ## - PUBLICACIÓN, DISTRIBUCIÓN, ETC. | |
| Lugar de publicación, distribución, etc. | Matriti : |
| Nombre del editor, distribuidor, etc. | apud viduam et heredes Joachimi de Ibarra ..., |
| Fecha de publicación, distribución, etc. | 1788. |
| 300 ## - DESCRIPCIÓN FÍSICA | |
| Extensión | [4], 669, [1] p. ; |
| Dimensiones | Fol. |
| 530 ## - NOTA DISPONIBLE DE FORMULARIO FÍSICO ADICIONAL | |
| Nota de formato físico adicional disponible | Disponible en formato digital. |
| 594 ## - Nota al título y mención de responsabilidad | |
| Nota al título y mención de responsabilidad | Mención de ed. precede a mención de parte. |
| 597 ## - NOTA DE DESCRIPCIÓN FÍSICA | |
| NOTA DE DESCRIPCIÓN FÍSICA | Sign.: [ ]\p2\s, A-Z\p4\s, 2A-2Z\p4\s, 3A-3Z\p4\s, 4A-4P\p4\s,. |
| 597 ## - NOTA DE DESCRIPCIÓN FÍSICA | |
| NOTA DE DESCRIPCIÓN FÍSICA | Antep. |
| 597 ## - NOTA DE DESCRIPCIÓN FÍSICA | |
| NOTA DE DESCRIPCIÓN FÍSICA | Port. con grab. calc.: "Raf. Ximeno lo inv. y dib. Mariano Brandi lo grabó" |
| 597 ## - NOTA DE DESCRIPCIÓN FÍSICA | |
| NOTA DE DESCRIPCIÓN FÍSICA | Texto a dos col. |
| 650 #4 - PUNTO DE ACCESO ADICIONAL DE MATERIA--TÉRMINO DE MATERIA | |
| Término de materia o nombre geográfico como elemento de entrada | Escritores españoles- |
| Subdivisión cronológica | S.XVI-XVII- |
| Subdivisión de forma | Biobibliografías. |
| 9 (RLIN) | 166271 |
| 700 1# - ENTRADA AGREGADA--NOMBRE PERSONAL | |
| Nombre de persona | Ibarra, Joaquín, |
| Títulos y otros términos asociados al nombre | Viuda de. |
| 9 (RLIN) | 128135 |
| 752 ## - ENTRADA AGREGADA--NOMBRE JERÁRQUICO DEL LUGAR | |
| País o entidad superior | España - |
| Ciudad | Madrid |
| 852 ## - LOCALIZACIÓN | |
| Ubicación | ES-MaACL |
| Número de control de estantería | R-127 |
| Nota libre | - Enc. hol. |
| 856 ## - LOCALIZACIÓN Y ACCESO ELECTRÓNICOS | |
| Identificador Uniforme de Recursos | <a href="http://bivaldi.gva.es/es/consulta/registro.cmd?id=6505 ">http://bivaldi.gva.es/es/consulta/registro.cmd?id=6505 </a> |
| Nota pública | Biblioteca Valenciana Digital |
| Estatus retirado | Estado de pérdida | Estado de daño | No para préstamo | Colección | Biblioteca de origen | Biblioteca actual | Ubicación en estantería | Fecha de adquisición | Fuente de adquisición | Total de préstamos | Signatura topográfica completa | Código de barras | Visto por última vez | Precio de reemplazo | Tipo de ítem Koha |
|---|---|---|---|---|---|---|---|---|---|---|---|---|---|---|---|
| Colección digital | Biblioteca del Ateneo de Madrid | Biblioteca del Ateneo de Madrid | Depósito | 17/01/2008 | R-127 | 1158084 | 23/02/2023 | 23/02/2023 | Libro impreso antiguo |
